[Event "Portugal Open 2020"]
[Site "Lisboa POR"]
[Date "2020.02.01"]
[Round "9.1"]
[White "GRIGORYAN, Karen H."]
[Black "INDIC, Aleksandar"]
[Result "1-0"]
[BlackElo "2622"]
[WhiteElo "2632"]
[LiveChessVersion "1.4.8"]

1. d4 {[%clk 1:26:55]} Nf6 {[%clk 1:29:48]} 2. Bg5 {[%clk 1:27:05]} d5
{[%clk 1:28:52]} 3. Bxf6 {[%clk 1:27:21]} exf6 {[%clk 1:28:03]} 4. e3
{[%clk 1:27:30]} Bd6 {[%clk 1:27:35]} 5. c4 {[%clk 1:26:26]} dxc4
{[%clk 1:27:22]} 6. Bxc4 {[%clk 1:26:49]} f5 {[%clk 1:27:43]} 7. Nf3
{[%clk 1:24:38]} Nd7 {[%clk 1:27:19]} 8. Nc3 {[%clk 1:23:04]} O-O
{[%clk 1:26:00]} 9. O-O {[%clk 1:23:21]} Nf6 {[%clk 1:26:09]} 10. a4
{[%clk 1:15:42]} a5 {[%clk 1:18:56]} 11. Qb3 {[%clk 1:13:08]} Qe7
{[%clk 1:17:09]} 12. Rac1 {[%clk 1:07:36]} c6 {[%clk 1:14:55]} 13. d5
{[%clk 1:06:20]} Rb8 {[%clk 1:11:58]} 14. dxc6 {[%clk 0:51:33]} bxc6
{[%clk 1:11:57]} 15. Qc2 {[%clk 0:51:59]} g6 {[%clk 1:07:00]} 16. Rcd1
{[%clk 0:51:31]} Bb7 {[%clk 0:56:12]} 17. Rfe1 {[%clk 0:43:26]} Bb4
{[%clk 0:55:47]} 18. Re2 {[%clk 0:33:50]} Ne4 {[%clk 0:46:50]} 19. Nd2
{[%clk 0:29:45]} Ng5 {[%clk 0:32:18]} 20. Nb3 {[%clk 0:24:01]} h5
{[%clk 0:31:03]} 21. Na2 {[%clk 0:23:07]} c5 {[%clk 0:28:30]} 22. Nxb4
{[%clk 0:21:33]} cxb4 {[%clk 0:24:54]} 23. Bd5 {[%clk 0:18:05]} Rbc8
{[%clk 0:22:48]} 24. Qb1 {[%clk 0:18:23]} Bxd5 {[%clk 0:16:47]} 25. Rxd5
{[%clk 0:18:35]} h4 {[%clk 0:15:47]} 26. h3 {[%clk 0:12:54]} f4 {[%clk 0:09:39]}
27. Nd4 {[%clk 0:13:05]} f3 {[%clk 0:09:14]} 28. gxf3 {[%clk 0:12:59]} Rfd8
{[%clk 0:09:16]} 29. Rxd8+ {[%clk 0:12:54]} Rxd8 {[%clk 0:09:40]} 30. Qf1
{[%clk 0:08:43]} Rxd4 {[%clk 0:05:15]} 31. exd4 {[%clk 0:09:09]} Nxf3+
{[%clk 0:05:40]} 32. Kh1 {[%clk 0:09:03]} Qc7 {[%clk 0:05:55]} 33. Kg2
{[%clk 0:08:42]} Qc6 {[%clk 0:06:12]} 34. d5 {[%clk 0:08:29]} Qxd5
{[%clk 0:06:25]} 35. Re8+ {[%clk 0:08:45]} Kg7 {[%clk 0:06:25]} 36. Qb5
{[%clk 0:09:09]} Ne1+ {[%clk 0:05:06]} 37. Kf1 {[%clk 0:09:35]} Qh1+
{[%clk 0:05:31]} 38. Ke2 {[%clk 0:10:02]} Nf3 {[%clk 0:05:55]} 39. Qd7
{[%clk 0:08:43]} Qg2 {[%clk 0:02:50]} 40. Ke3 {[%clk 0:07:51]} Ng5
{[%clk 0:00:34]} 41. Qd4+ {[%clk 0:07:54]} f6 {[%clk 0:01:03]} 42. Re7+
{[%clk 0:08:05]} Nf7 {[%clk 0:01:31]} 43. Qd7 {[%clk 0:06:58]} Qg5+
{[%clk 0:01:59]} 44. Kd3 {[%clk 0:06:57]} Qf5+ {[%clk 0:00:40]} 45. Qxf5
{[%clk 0:07:22]} gxf5 {[%clk 0:01:05]} 46. f4 {[%clk 0:07:43]} Kg6
{[%clk 0:01:35]} 47. Ra7 {[%clk 0:08:01]} 1-0

[Event "Portugal Open 2020"]
[Site "Lisboa POR"]
[Date "2020.02.01"]
[Round "9.2"]
[White "MOTYLEV, Alexander"]
[Black "ASADLI, Vugar"]
[Result "1/2-1/2"]
[BlackElo "2538"]
[WhiteElo "2640"]
[LiveChessVersion "1.4.8"]

1. e4 {[%clk 1:28:20]} e5 {[%clk 1:30:56]} 2. Nf3 {[%clk 1:28:45]} Nc6
{[%clk 1:31:23]} 3. d4 {[%clk 1:29:10]} exd4 {[%clk 1:31:49]} 4. Nxd4
{[%clk 1:29:36]} Bc5 {[%clk 1:32:16]} 5. Nxc6 {[%clk 1:29:36]} Qf6
{[%clk 1:32:42]} 6. Qf3 {[%clk 1:29:59]} dxc6 {[%clk 1:32:57]} 7. Nc3
{[%clk 1:30:20]} Be6 {[%clk 1:33:13]} 8. Be3 {[%clk 1:30:30]} Qxf3
{[%clk 1:28:12]} 9. gxf3 {[%clk 1:30:24]} Bxe3 {[%clk 1:27:45]} 10. fxe3
{[%clk 1:30:48]} Ne7 {[%clk 1:26:12]} 11. Ne2 {[%clk 1:25:06]} Rd8
{[%clk 1:23:13]} 12. h4 {[%clk 1:17:29]} f6 {[%clk 1:19:43]} 13. Nd4
{[%clk 0:57:02]} Bf7 {[%clk 1:16:11]} 14. b4 {[%clk 0:57:09]} O-O
{[%clk 1:13:07]} 15. c4 {[%clk 0:54:13]} Rfe8 {[%clk 0:59:23]} 16. Kf2
{[%clk 0:52:36]} a5 {[%clk 0:42:48]} 17. a3 {[%clk 0:41:07]} Ng6 {[%clk 0:35:43]}
18. Kg3 {[%clk 0:38:01]} Ra8 {[%clk 0:32:14]} 19. Be2 {[%clk 0:37:41]} Ne5
{[%clk 0:29:47]} 20. c5 {[%clk 0:37:13]} b6 {[%clk 0:29:12]} 21. Rhc1
{[%clk 0:32:42]} b5 {[%clk 0:24:59]} 22. Rcb1 {[%clk 0:25:28]} h5
{[%clk 0:22:00]} 23. Kf2 {[%clk 0:19:41]} Ra6 {[%clk 0:20:46]} 24. Nxc6
{[%clk 0:14:46]} Rxc6 {[%clk 0:16:57]} 25. Bxb5 {[%clk 0:15:11]} Bc4
{[%clk 0:16:29]} 26. Bxc6 {[%clk 0:15:03]} Nxc6 {[%clk 0:16:53]} 27. b5
{[%clk 0:13:03]} Ne5 {[%clk 0:16:22]} 28. b6 {[%clk 0:07:23]} cxb6
{[%clk 0:16:24]} 29. cxb6 {[%clk 0:07:48]} a4 {[%clk 0:14:48]} 30. Kg3
{[%clk 0:07:50]} Bb3 {[%clk 0:14:50]} 31. Rxb3 {[%clk 0:06:32]} axb3
{[%clk 0:15:10]} 32. Rb1 {[%clk 0:06:56]} Rb8 {[%clk 0:13:44]} 33. Rxb3
{[%clk 0:07:21]} Nc4 {[%clk 0:11:54]} 34. b7 {[%clk 0:04:48]} Kf7
{[%clk 0:08:23]} 35. a4 {[%clk 0:05:01]} Kg6 {[%clk 0:07:11]} 36. Rb4
{[%clk 0:04:19]} Na5 {[%clk 0:07:33]} 37. Rb5 {[%clk 0:04:29]} Nxb7
{[%clk 0:08:01]} 38. Rb6 {[%clk 0:03:32]} Ra8 {[%clk 0:07:31]} 39. Rxb7
{[%clk 0:03:57]} Rxa4 {[%clk 0:07:58]} 40. Rb6 {[%clk 0:03:28]} Ra3
{[%clk 0:08:07]} 41. Kf4 {[%clk 0:03:50]} Ra4 {[%clk 0:08:33]} 42. Rd6
{[%clk 0:04:13]} Rb4 {[%clk 0:08:37]} 43. Rd4 {[%clk 0:03:53]} Rb5
{[%clk 0:09:02]} 44. Rd3 {[%clk 0:03:48]} Rb4 {[%clk 0:09:20]} 45. Kg3
{[%clk 0:04:06]} Ra4 {[%clk 0:09:21]} 46. Rb3 {[%clk 0:03:33]} Rc4
{[%clk 0:09:25]} 47. Rb6 {[%clk 0:02:21]} Rc3 {[%clk 0:09:27]} 48. Kf4
{[%clk 0:02:42]} Rc4 {[%clk 0:09:42]} 49. Rd6 {[%clk 0:01:44]} Ra4
{[%clk 0:08:59]} 50. Rd4 {[%clk 0:01:51]} Ra5 {[%clk 0:09:24]} 51. Rd3
{[%clk 0:01:12]} Ra4 {[%clk 0:09:39]} 52. Kg3 {[%clk 0:01:36]} Rb4
{[%clk 0:10:03]} 53. Ra3 {[%clk 0:01:20]} Rc4 {[%clk 0:10:21]} 54. Ra2
{[%clk 0:01:22]} Rb4 {[%clk 0:10:01]} 55. Kf2 {[%clk 0:01:46]} Rc4
{[%clk 0:10:10]} 56. Kg3 {[%clk 0:00:51]} 1/2-1/2

[Event "Portugal Open 2020"]
[Site "Lisboa POR"]
[Date "2020.02.01"]
[Round "9.4"]
[White "TARI, Aryan"]
[Black "STACHOWIAK, Kamil"]
[Result "1-0"]
[BlackElo "2446"]
[WhiteElo "2635"]
[LiveChessVersion "1.4.8"]

1. e4 {[%clk 1:30:04]} c5 {[%clk 1:30:54]} 2. Nf3 {[%clk 1:30:27]} e6
{[%clk 1:31:15]} 3. d4 {[%clk 1:30:37]} cxd4 {[%clk 1:31:39]} 4. Nxd4
{[%clk 1:31:03]} a6 {[%clk 1:31:53]} 5. g3 {[%clk 1:31:06]} Qc7 {[%clk 1:30:24]}
6. Bg2 {[%clk 1:30:48]} Nc6 {[%clk 1:30:39]} 7. O-O {[%clk 1:30:11]} d6
{[%clk 1:30:51]} 8. Nxc6 {[%clk 1:28:57]} bxc6 {[%clk 1:31:04]} 9. c4
{[%clk 1:28:37]} Nf6 {[%clk 1:28:16]} 10. Nc3 {[%clk 1:27:12]} Be7
{[%clk 1:27:25]} 11. Bf4 {[%clk 1:20:43]} e5 {[%clk 1:16:44]} 12. Be3
{[%clk 1:20:47]} Be6 {[%clk 1:14:14]} 13. b3 {[%clk 1:19:22]} O-O
{[%clk 1:13:05]} 14. h3 {[%clk 1:17:58]} Rfd8 {[%clk 1:03:58]} 15. Rc1
{[%clk 1:10:56]} Nd7 {[%clk 0:59:41]} 16. f4 {[%clk 1:08:00]} exf4
{[%clk 0:55:35]} 17. gxf4 {[%clk 1:07:52]} Nf8 {[%clk 0:52:59]} 18. Ne2
{[%clk 0:55:22]} Qa5 {[%clk 0:40:54]} 19. Nd4 {[%clk 0:52:59]} Bd7
{[%clk 0:38:40]} 20. Qd3 {[%clk 0:50:03]} Bf6 {[%clk 0:37:23]} 21. Kh2
{[%clk 0:47:45]} c5 {[%clk 0:31:21]} 22. Bd2 {[%clk 0:37:17]} Qc7
{[%clk 0:28:34]} 23. Ne2 {[%clk 0:36:13]} Bc6 {[%clk 0:28:13]} 24. Nc3
{[%clk 0:34:42]} Re8 {[%clk 0:23:35]} 25. Rce1 {[%clk 0:27:42]} Rad8
{[%clk 0:20:15]} 26. a3 {[%clk 0:20:42]} a5 {[%clk 0:11:04]} 27. Nb5
{[%clk 0:20:52]} Bxb5 {[%clk 0:11:13]} 28. cxb5 {[%clk 0:21:20]} Ne6
{[%clk 0:09:50]} 29. Qd5 {[%clk 0:19:53]} Bb2 {[%clk 0:02:42]} 30. a4
{[%clk 0:19:46]} Rc8 {[%clk 0:02:31]} 31. Rb1 {[%clk 0:17:57]} Ba3
{[%clk 0:01:52]} 32. f5 {[%clk 0:15:30]} Nd4 {[%clk 0:01:53]} 33. Bf4
{[%clk 0:15:39]} Rcd8 {[%clk 0:01:13]} 34. Qc4 {[%clk 0:14:49]} Bb4
{[%clk 0:01:03]} 35. Rbd1 {[%clk 0:14:53]} Qe7 {[%clk 0:01:08]} 36. Bg3
{[%clk 0:13:55]} Qf6 {[%clk 0:00:54]} 37. Kh1 {[%clk 0:11:39]} h6
{[%clk 0:01:22]} 38. Bh2 {[%clk 0:10:41]} Re7 {[%clk 0:01:11]} 39. Qd5
{[%clk 0:10:49]} Ree8 {[%clk 0:00:47]} 40. Rd3 {[%clk 0:10:34]} Ne2
{[%clk 0:00:52]} 41. b6 {[%clk 0:09:46]} c4 {[%clk 0:00:45]} 42. Qxc4
{[%clk 0:09:24]} d5 {[%clk 0:01:03]} 43. Rxd5 {[%clk 0:08:43]} Rxd5
{[%clk 0:01:32]} 44. Qxd5 {[%clk 0:06:15]} Qxb6 {[%clk 0:01:53]} 45. Qb5
{[%clk 0:05:15]} Qxb5 {[%clk 0:02:11]} 46. axb5 {[%clk 0:05:44]} Bc5
{[%clk 0:02:13]} 47. Bc7 {[%clk 0:04:58]} Rc8 {[%clk 0:02:16]} 48. b6
{[%clk 0:03:12]} Bxb6 {[%clk 0:02:44]} 49. Bxb6 {[%clk 0:03:37]} Ng3+
{[%clk 0:03:10]} 50. Kg1 {[%clk 0:03:40]} Nxf1 {[%clk 0:03:37]} 51. Bxf1
{[%clk 0:04:05]} Rb8 {[%clk 0:04:03]} 52. Bxa5 {[%clk 0:04:12]} Rxb3
{[%clk 0:04:30]} 53. Kf2 {[%clk 0:04:17]} Rb2+ {[%clk 0:04:32]} 54. Kf3
{[%clk 0:04:36]} f6 {[%clk 0:04:31]} 55. Bc4+ {[%clk 0:04:36]} Kh7
{[%clk 0:03:31]} 56. Bf7 {[%clk 0:04:25]} Rh2 {[%clk 0:03:02]} 57. Kg3
{[%clk 0:04:26]} Re2 {[%clk 0:03:22]} 58. Bd5 {[%clk 0:04:48]} Rb2
{[%clk 0:01:58]} 59. Bc3 {[%clk 0:03:39]} Rc2 {[%clk 0:02:18]} 60. Bb4
{[%clk 0:03:11]} Rb2 {[%clk 0:02:32]} 61. Be7 {[%clk 0:03:39]} Rb1
{[%clk 0:02:35]} 62. Bd6 {[%clk 0:00:40]} Rb6 {[%clk 0:02:18]} 63. Be7
{[%clk 0:00:53]} Rb1 {[%clk 0:02:29]} 64. h4 {[%clk 0:01:09]} Rg1+
{[%clk 0:02:41]} 65. Kh2 {[%clk 0:01:27]} Rc1 {[%clk 0:02:16]} 66. h5
{[%clk 0:01:36]} Rc3 {[%clk 0:02:16]} 67. Kg2 {[%clk 0:02:04]} Re3 68. Kf2
{[%clk 0:02:28]} Rc3 {[%clk 0:02:43]} 69. Bd6 {[%clk 0:02:41]} Kh8
{[%clk 0:02:38]} 70. Ke2 {[%clk 0:02:33]} Rh3 {[%clk 0:02:37]} 71. Bf7
{[%clk 0:03:02]} Rc3 {[%clk 0:02:43]} 72. Kd2 {[%clk 0:03:24]} Rh3
{[%clk 0:02:59]} 73. Bc5 {[%clk 0:03:38]} Rf3 {[%clk 0:02:27]} 74. Be3
{[%clk 0:04:02]} Rf1 {[%clk 0:02:47]} 75. Kd3 {[%clk 0:04:27]} Rd1+
{[%clk 0:02:51]} 76. Bd2 {[%clk 0:04:17]} Rh1 {[%clk 0:03:01]} 77. Ke3
{[%clk 0:04:44]} Rh2 {[%clk 0:03:07]} 78. Ba5 {[%clk 0:04:47]} Rh3+
{[%clk 0:02:29]} 79. Kd4 {[%clk 0:05:16]} Ra3 {[%clk 0:02:44]} 80. Bb6
{[%clk 0:05:34]} Ra6 {[%clk 0:02:39]} 81. Bc5 {[%clk 0:05:56]} Ra4+
{[%clk 0:02:50]} 82. Kd5 {[%clk 0:06:18]} Kh7 {[%clk 0:03:06]} 83. Bb6
{[%clk 0:04:49]} Kh8 {[%clk 0:03:04]} 84. Be8 {[%clk 0:04:20]} Ra8
{[%clk 0:03:11]} 85. Bd7 {[%clk 0:04:38]} Ra6 {[%clk 0:03:20]} 86. Bc7
{[%clk 0:04:10]} Kg8 {[%clk 0:02:50]} 87. Bb5 {[%clk 0:03:55]} Ra1
{[%clk 0:03:04]} 88. Bc4 {[%clk 0:03:31]} Kh7 {[%clk 0:03:13]} 89. Bb5
{[%clk 0:01:12]} Rd1+ {[%clk 0:03:19]} 90. Ke6 {[%clk 0:01:23]} Re1
{[%clk 0:03:31]} 91. Kd5 {[%clk 0:00:48]} Rd1+ {[%clk 0:03:51]} 92. Ke6
{[%clk 0:00:41]} Re1 {[%clk 0:04:16]} 93. Bc6 {[%clk 0:00:47]} Rc1
{[%clk 0:04:34]} 94. Kd6 {[%clk 0:01:16]} Rh1 {[%clk 0:04:35]} 95. e5
{[%clk 0:01:13]} Rd1+ {[%clk 0:05:02]} 96. Bd5 {[%clk 0:00:54]} fxe5
{[%clk 0:05:24]} 97. Kxe5 {[%clk 0:01:19]} Re1+ {[%clk 0:04:45]} 98. Kd6
{[%clk 0:01:35]} Rd1 {[%clk 0:04:10]} 99. Ke6 {[%clk 0:02:00]} Rf1
{[%clk 0:03:53]} 100. Be5 {[%clk 0:02:24]} Kh8 {[%clk 0:03:00]} 101. Bc3
{[%clk 0:01:53]} Rc1 {[%clk 0:02:49]} 102. Bb2 {[%clk 0:02:13]} Rb1
{[%clk 0:02:27]} 103. Ba3 {[%clk 0:02:00]} Ra1 {[%clk 0:02:26]} 104. Be7
{[%clk 0:01:01]} Rf1 {[%clk 0:02:19]} 105. Bc6 {[%clk 0:01:24]} Kg8
{[%clk 0:02:26]} 106. Bd6 {[%clk 0:01:22]} Rc1 {[%clk 0:01:45]} 107. Bd5
{[%clk 0:01:36]} Re1+ {[%clk 0:02:02]} 108. Be5 {[%clk 0:01:09]} Kh8
{[%clk 0:02:08]} 109. Bc4 {[%clk 0:01:12]} Re4 {[%clk 0:01:55]} 110. Bb5
{[%clk 0:01:20]} Re1 {[%clk 0:02:02]} 111. Bc6 {[%clk 0:01:01]} Re2
{[%clk 0:02:23]} 112. Kd6 {[%clk 0:01:15]} Re1 {[%clk 0:02:20]} 113. Bd5
{[%clk 0:01:30]} Rf1 {[%clk 0:02:28]} 114. Be6 {[%clk 0:01:49]} Rh1
{[%clk 0:02:17]} 115. Ke7 {[%clk 0:01:57]} Rxh5 {[%clk 0:01:50]} 116. Bxg7+
{[%clk 0:02:18]} Kh7 {[%clk 0:01:22]} 117. Be5 {[%clk 0:02:25]} Rh1
{[%clk 0:00:37]} 118. f6 {[%clk 0:02:50]} Rf1 {[%clk 0:00:40]} 119. f7
{[%clk 0:03:14]} 1-0

[Event "Portugal Open 2020"]
[Site "Lisboa POR"]
[Date "2020.02.01"]
[Round "9.6"]
[White "PETROV, Nikita"]
[Black "SOHAM, Das"]
[Result "1/2-1/2"]
[BlackElo "2355"]
[WhiteElo "2592"]
[LiveChessVersion "1.4.8"]

1. d4 {[%clk 1:30:50]} f5 {[%clk 1:27:33]} 2. Bg5 {[%clk 1:30:51]} g6
{[%clk 1:27:55]} 3. Nc3 {[%clk 1:30:56]} Bg7 {[%clk 1:27:58]} 4. Nf3
{[%clk 1:30:45]} Nf6 {[%clk 1:13:43]} 5. Bxf6 {[%clk 1:28:03]} Bxf6
{[%clk 1:13:29]} 6. e4 {[%clk 1:28:27]} fxe4 {[%clk 1:13:14]} 7. Nxe4
{[%clk 1:28:53]} d5 {[%clk 1:13:32]} 8. Nxf6+ {[%clk 1:29:02]} exf6
{[%clk 1:13:58]} 9. Bb5+ {[%clk 1:29:29]} Bd7 {[%clk 1:12:56]} 10. Bxd7+
{[%clk 1:24:23]} Qxd7 {[%clk 1:12:06]} 11. O-O {[%clk 1:20:34]} Nc6
{[%clk 1:09:09]} 12. Re1+ {[%clk 1:16:48]} Ne7 {[%clk 1:06:54]} 13. Qe2
{[%clk 1:03:46]} Kf7 {[%clk 1:06:48]} 14. Qe3 {[%clk 1:00:20]} Nf5
{[%clk 0:42:11]} 15. Qb3 {[%clk 0:59:29]} c6 {[%clk 0:37:30]} 16. c4
{[%clk 0:57:07]} dxc4 {[%clk 0:36:14]} 17. Qxc4+ {[%clk 0:57:33]} Qd5
{[%clk 0:36:39]} 18. Qb4 {[%clk 0:57:15]} Qb5 {[%clk 0:36:05]} 19. Qa3
{[%clk 0:52:17]} Rhe8 {[%clk 0:35:19]} 20. h3 {[%clk 0:39:15]} a5
{[%clk 0:32:17]} 21. g4 {[%clk 0:34:17]} Ne7 {[%clk 0:31:33]} 22. Qd6
{[%clk 0:33:44]} Qd5 {[%clk 0:29:55]} 23. Qg3 {[%clk 0:33:28]} Rad8
{[%clk 0:19:01]} 24. Re3 {[%clk 0:33:05]} g5 {[%clk 0:16:15]} 25. h4
{[%clk 0:26:34]} h6 {[%clk 0:16:37]} 26. hxg5 {[%clk 0:25:09]} hxg5
{[%clk 0:17:03]} 27. Rae1 {[%clk 0:25:33]} Ng6 {[%clk 0:16:45]} 28. Rxe8
{[%clk 0:22:28]} Rxe8 {[%clk 0:16:46]} 29. Rxe8 {[%clk 0:22:51]} Kxe8
{[%clk 0:17:08]} 30. Qb8+ {[%clk 0:23:19]} Kf7 {[%clk 0:14:34]} 31. Qxb7+
{[%clk 0:23:46]} Kf8 {[%clk 0:10:27]} 32. Qc8+ {[%clk 0:16:01]} Kf7
{[%clk 0:10:32]} 33. Qb7+ {[%clk 0:08:19]} Kf8 {[%clk 0:10:50]} 34. Qc8+
{[%clk 0:06:27]} 1/2-1/2

[Event "Portugal Open 2020"]
[Site "Lisboa POR"]
[Date "2020.02.01"]
[Round "9.9"]
[White "PLICHTA, Kamil"]
[Black "ARIZMENDI MARTINEZ, Julen Luis"]
[Result "1/2-1/2"]
[BlackElo "2505"]
[WhiteElo "2353"]
[LiveChessVersion "1.4.8"]

1. Nf3 {[%clk 1:30:56]} Nf6 {[%clk 1:15:48]} 2. g3 {[%clk 1:31:18]} g6
{[%clk 1:10:22]} 3. Bg2 {[%clk 1:31:41]} Bg7 {[%clk 1:10:48]} 4. O-O
{[%clk 1:31:50]} O-O {[%clk 1:11:11]} 5. c4 {[%clk 1:30:33]} d6 {[%clk 1:10:51]}
6. d4 {[%clk 1:30:38]} c6 {[%clk 1:07:40]} 7. Nc3 {[%clk 1:31:00]} Bf5
{[%clk 1:07:27]} 8. Nh4 {[%clk 1:23:28]} Be6 {[%clk 1:06:53]} 9. d5
{[%clk 1:22:22]} cxd5 {[%clk 1:06:14]} 10. cxd5 {[%clk 1:22:45]} Bd7
{[%clk 1:02:27]} 11. Nf3 {[%clk 1:17:37]} Qa5 {[%clk 0:56:26]} 12. Be3
{[%clk 1:12:06]} Rc8 {[%clk 0:46:19]} 13. a3 {[%clk 1:08:10]} Na6
{[%clk 0:41:12]} 14. Bd4 {[%clk 1:01:29]} Qd8 {[%clk 0:40:09]} 15. e4
{[%clk 0:59:55]} Bg4 {[%clk 0:30:09]} 16. Re1 {[%clk 0:55:10]} Nc5
{[%clk 0:20:20]} 17. h3 {[%clk 0:52:30]} Bxf3 {[%clk 0:20:41]} 18. Bxf3
{[%clk 0:52:53]} Nfd7 {[%clk 0:19:58]} 19. Bxg7 {[%clk 0:52:21]} Kxg7
{[%clk 0:20:26]} 20. b4 {[%clk 0:51:28]} Na6 {[%clk 0:19:22]} 21. Be2
{[%clk 0:50:02]} 1/2-1/2

[Event "Portugal Open 2020"]
[Site "Lisboa POR"]
[Date "2020.02.01"]
[Round "9.12"]
[White "ROCHA, Sergio"]
[Black "STELLA, Andrea"]
[Result "0-1"]
[BlackElo "2465"]
[WhiteElo "2343"]
[LiveChessVersion "1.4.8"]

1. d4 {[%clk 1:30:57]} Nf6 {[%clk 1:20:55]} 2. Nf3 {[%clk 1:29:46]} g6
{[%clk 1:21:11]} 3. Bg5 {[%clk 1:30:01]} Bg7 {[%clk 1:21:26]} 4. Nbd2
{[%clk 1:29:58]} O-O {[%clk 1:21:36]} 5. e4 {[%clk 1:29:44]} d5 {[%clk 1:21:59]}
6. e5 {[%clk 1:29:26]} Ne4 {[%clk 1:21:53]} 7. h4 {[%clk 1:27:16]} c5
{[%clk 1:19:28]} 8. c3 {[%clk 1:26:53]} Nc6 {[%clk 1:18:02]} 9. Bd3
{[%clk 1:26:21]} Bf5 {[%clk 0:53:33]} 10. Qe2 {[%clk 1:21:57]} cxd4
{[%clk 0:45:06]} 11. Nxe4 {[%clk 1:15:29]} dxe4 {[%clk 0:44:59]} 12. Bxe4
{[%clk 1:15:42]} Bxe4 {[%clk 0:39:07]} 13. Qxe4 {[%clk 1:16:06]} dxc3
{[%clk 0:39:34]} 14. bxc3 {[%clk 1:16:15]} Qa5 {[%clk 0:38:58]} 15. O-O
{[%clk 1:13:30]} Nxe5 {[%clk 0:32:25]} 16. Nxe5 {[%clk 1:06:00]} Qxe5
{[%clk 0:29:29]} 17. Qxb7 {[%clk 1:06:12]} Qxc3 {[%clk 0:27:59]} 18. Bxe7
{[%clk 0:57:54]} Rfe8 {[%clk 0:24:42]} 19. Rae1 {[%clk 0:53:24]} a5
{[%clk 0:19:31]} 20. Qd5 {[%clk 0:46:00]} Qd4 {[%clk 0:15:13]} 21. Qxd4
{[%clk 0:45:12]} Bxd4 {[%clk 0:15:39]} 22. Re4 {[%clk 0:44:24]} Bc3
{[%clk 0:15:17]} 23. Rc4 {[%clk 0:44:10]} Be5 {[%clk 0:11:33]} 24. Bg5
{[%clk 0:44:14]} a4 {[%clk 0:10:33]} 25. g3 {[%clk 0:43:58]} Bg7 {[%clk 0:07:29]}
26. Rd1 {[%clk 0:42:48]} h6 {[%clk 0:06:58]} 27. Be3 {[%clk 0:43:00]} Rec8
{[%clk 0:04:44]} 28. Rxc8+ {[%clk 0:43:06]} Rxc8 {[%clk 0:05:11]} 29. Kf1
{[%clk 0:43:24]} Bf8 30. Ke2 {[%clk 0:41:56]} f5 {[%clk 0:03:03]} 31. Kd3
{[%clk 0:40:39]} Rd8+ {[%clk 0:02:03]} 32. Bd4 {[%clk 0:39:32]} Bg7
{[%clk 0:00:47]} 33. Kc4 {[%clk 0:39:53]} Kf7 {[%clk 0:01:08]} 34. Rd2
{[%clk 0:39:29]} Rc8+ {[%clk 0:00:38]} 35. Bc5 {[%clk 0:35:20]} Bf8
{[%clk 0:01:07]} 36. Rd5 {[%clk 0:35:42]} a3 37. h5 Kf6 38. Kb4 Rxc5 39. Rxc5
gxh5 40. Kc4 Bxc5 41. Kxc5 Kg5 42. Kb4 h4 43. gxh4+ Kxh4 44. Kxa3 h5 45. Kb4 Kg5
0-1

[Event "Portugal Open 2020"]
[Site "Lisboa POR"]
[Date "2020.02.01"]
[Round "9.13"]
[White "JANIK, Igor"]
[Black "NAPOLI, Nicolo"]
[Result "1-0"]
[BlackElo "2333"]
[WhiteElo "2453"]
[LiveChessVersion "1.4.8"]

1. d4 {[%clk 1:30:58]} Nf6 {[%clk 1:30:55]} 2. c4 {[%clk 1:31:20]} e6
{[%clk 1:31:22]} 3. Nf3 {[%clk 1:31:33]} Bb4+ {[%clk 1:31:45]} 4. Nbd2
{[%clk 1:31:11]} O-O {[%clk 1:31:18]} 5. a3 {[%clk 1:31:31]} Be7 {[%clk 1:31:21]}
6. e4 {[%clk 1:31:40]} d6 {[%clk 1:31:27]} 7. Bd3 {[%clk 1:30:44]} Nfd7
{[%clk 1:29:26]} 8. b4 {[%clk 1:29:49]} a5 {[%clk 1:26:40]} 9. Bb2
{[%clk 1:29:54]} e5 {[%clk 1:22:12]} 10. d5 {[%clk 1:28:55]} Re8 {[%clk 1:03:33]}
11. O-O {[%clk 1:27:49]} Nf8 {[%clk 1:02:17]} 12. Nb3 {[%clk 1:22:51]} axb4
{[%clk 0:59:39]} 13. axb4 {[%clk 1:23:20]} Rxa1 {[%clk 1:00:02]} 14. Nxa1
{[%clk 1:21:46]} Ng6 {[%clk 0:57:01]} 15. g3 {[%clk 1:22:10]} Bg4
{[%clk 0:56:13]} 16. Nc2 {[%clk 1:22:26]} Qd7 {[%clk 0:52:25]} 17. Ne3
{[%clk 1:19:57]} Bxf3 {[%clk 0:50:25]} 18. Qxf3 {[%clk 1:19:07]} Qa4
{[%clk 0:50:51]} 19. Rb1 {[%clk 1:18:55]} Qxb4 {[%clk 0:46:51]} 20. h4
{[%clk 1:19:00]} Qd2 {[%clk 0:40:56]} 21. Nf5 {[%clk 1:10:19]} Bf8
{[%clk 0:40:58]} 22. Bc1 {[%clk 1:08:00]} Qc3 {[%clk 0:39:59]} 23. Qd1
{[%clk 1:04:50]} b6 {[%clk 0:29:07]} 24. Rb3 {[%clk 1:04:06]} Qa5
{[%clk 0:29:33]} 25. Ra3 {[%clk 1:04:25]} Qb4 {[%clk 0:29:52]} 26. Ne3
{[%clk 1:00:57]} Ne7 {[%clk 0:23:59]} 27. Nc2 {[%clk 1:01:05]} Qb1
{[%clk 0:24:25]} 28. Nd4 {[%clk 1:01:22]} Qb4 {[%clk 0:24:46]} 29. Ra4
{[%clk 1:01:37]} 1-0

[Event "Portugal Open 2020"]
[Site "Lisboa POR"]
[Date "2020.02.01"]
[Round "9.14"]
[White "FIDALGO, Andre Neves"]
[Black "DAMASO, Rui"]
[Result "0-1"]
[BlackElo "2420"]
[WhiteElo "2282"]
[LiveChessVersion "1.4.8"]

1. d4 {[%clk 1:30:55]} e6 {[%clk 1:06:04]} 2. c4 {[%clk 1:30:31]} b6
{[%clk 1:05:39]} 3. Nc3 {[%clk 1:28:37]} Bb4 {[%clk 1:04:40]} 4. e4
{[%clk 1:27:26]} Bb7 {[%clk 1:04:58]} 5. f3 {[%clk 1:26:57]} f5 {[%clk 1:04:46]}
6. e5 {[%clk 1:21:06]} d6 {[%clk 0:53:00]} 7. Bf4 {[%clk 0:54:20]} dxe5
{[%clk 0:49:19]} 8. Bxe5 {[%clk 0:53:06]} Qe7 {[%clk 0:48:53]} 9. a3
{[%clk 0:48:28]} Bxc3+ {[%clk 0:48:29]} 10. bxc3 {[%clk 0:48:52]} Nc6
{[%clk 0:48:50]} 11. Bg3 {[%clk 0:46:55]} e5 {[%clk 0:43:53]} 12. d5
{[%clk 0:45:44]} Na5 {[%clk 0:44:15]} 13. Qa4+ {[%clk 0:45:13]} c6
{[%clk 0:42:41]} 14. Bd3 {[%clk 0:42:39]} f4 {[%clk 0:39:41]} 15. Bf2
{[%clk 0:42:51]} Nf6 {[%clk 0:36:52]} 16. Be4 {[%clk 0:38:43]} O-O
{[%clk 0:31:42]} 17. dxc6 {[%clk 0:24:41]} Ba6 {[%clk 0:27:19]} 18. Bd5+
{[%clk 0:18:50]} Nxd5 {[%clk 0:26:58]} 19. cxd5 {[%clk 0:19:15]} Bc4
{[%clk 0:27:21]} 20. Rd1 {[%clk 0:17:58]} Rad8 {[%clk 0:20:20]} 21. Qb4
{[%clk 0:17:36]} Qf7 {[%clk 0:20:11]} 22. c7 {[%clk 0:14:53]} Qxc7
{[%clk 0:19:47]} 23. d6 {[%clk 0:15:11]} Qf7 {[%clk 0:18:44]} 24. Bh4
{[%clk 0:15:35]} Rd7 {[%clk 0:18:51]} 25. Be7 {[%clk 0:12:18]} Nc6
{[%clk 0:17:56]} 26. Qa4 {[%clk 0:11:42]} b5 {[%clk 0:18:12]} 27. Qa6
{[%clk 0:09:35]} Nxe7 {[%clk 0:18:14]} 28. dxe7 {[%clk 0:09:56]} Rxd1+
{[%clk 0:18:16]} 29. Kxd1 {[%clk 0:10:20]} Qxe7 {[%clk 0:18:43]} 30. Nh3
{[%clk 0:10:11]} Qd7+ {[%clk 0:18:12]} 31. Kc1 {[%clk 0:10:35]} Qd3
{[%clk 0:17:07]} 32. Qa5 {[%clk 0:10:49]} Bb3 {[%clk 0:17:29]} 0-1